<?xml version="1.0" encoding="UTF-8"?>
<collection xmlns:xsi="http://www.w3.org/2001/XMLSchema-instance" xsi:schemaLocation="http://www.loc.gov/MARC21/slim http://www.loc.gov/standards/marcxml/schema/MARC21slim.xsd" xmlns="http://www.loc.gov/MARC21/slim">
 <record>
  <leader>00000ctm a22000004a 4500</leader>
  <controlfield tag="001">UP-8027390931313927491</controlfield>
  <controlfield tag="003">Buklod</controlfield>
  <controlfield tag="005">20150608103417.0</controlfield>
  <controlfield tag="006">m    |o  d |      </controlfield>
  <controlfield tag="007">ta</controlfield>
  <controlfield tag="008">150608s1993    xx     d     r    |||| u|</controlfield>
  <datafield tag="035" ind1=" " ind2=" ">
   <subfield code="a">(iLib)UPVIS-00037387624</subfield>
  </datafield>
  <datafield tag="090" ind1=" " ind2=" ">
   <subfield code="a">LG993.5 1993</subfield>
  </datafield>
  <datafield tag="100" ind1="1" ind2=" ">
   <subfield code="a">Dumangas, Julius I.</subfield>
  </datafield>
  <datafield tag="240" ind1="1" ind2="0">
   <subfield code="a">CFOS, Practicum Report</subfield>
  </datafield>
  <datafield tag="245" ind1="1" ind2="0">
   <subfield code="a">Accelerated shelf-life testing and development of solid loaf.</subfield>
   <subfield code="c">by Julius I. Dumangas.</subfield>
  </datafield>
  <datafield tag="264" ind1=" " ind2="1">
   <subfield code="a">Miagao Iloilo</subfield>
   <subfield code="b">College of Fisheries, University of the Philippines</subfield>
   <subfield code="c">1993.</subfield>
  </datafield>
  <datafield tag="300" ind1=" " ind2=" ">
   <subfield code="a">136 p.</subfield>
  </datafield>
  <datafield tag="520" ind1=" " ind2=" ">
   <subfield code="a">Product development study was conducted through generation of feasible and viable new product concepts, evaluation and refinement of these concepts and creation of blueprints for a specific concept perceived to be a potentially successful business proposition. The new product concept, squid loaf, was realized through optimization of its organoleptic attributes. Key texture, odor and color variables were tested through a series of sensory evaluations. Results have shown that the use of 18% flour and 20% pork fat yielded highly texturized squid loaf; a combination of 0.04% mace and 1.0% white pepper obtained high sensory scores in terms of spiciness. The product's appearance was enhanced by using 0.04% food dye (strawberry red) and 0.40% annatto, a natural food coloring. In house and consumer acceptability testing have shown that squid loaf achieved mean hedonic acceptability scores of 6.31 and 6.34 respectively.  The shelf-life of squid loaf was assessed using the Accelerated Shelf Life Testing (ASLT) Method; samples stored at 0℃  remained acceptable throughout the sampling period whereas samples at 14 ℃  and 35℃ were rejected after 23 and 2 days of storage, respectively. The Q10 value of squid loaf was found at 1.66, proving the temperature dependence of this product.</subfield>
  </datafield>
  <datafield tag="650" ind1=" " ind2="0">
   <subfield code="a">Fish-Processing.</subfield>
  </datafield>
  <datafield tag="852" ind1="0" ind2=" ">
   <subfield code="a">UPVIS</subfield>
   <subfield code="b">UPV-CFOS</subfield>
   <subfield code="h">LG993.5</subfield>
   <subfield code="i">1978</subfield>
  </datafield>
  <datafield tag="942" ind1=" " ind2=" ">
   <subfield code="a">Thesis</subfield>
  </datafield>
 </record>
</collection>
